Direito Municipal em Movimento Pareceres e opinie̳s pontuais

Detalles Bibliográficos
Autor principal: Artero, Davi Alessandro Donha
Formato: eBook
Lenguaje:portugués
Publicado: Sô Paulo : Editora NELPA, 2012
Materias:
Acceso en línea:http://www.vlex.com/source/6759

MARC

LEADER 00000nam a22000007a 4500
005 20130125083448.0
007 cr|||| ||||
008 130125e2012 bl |||||s|||| 00||0 por d
020 |a 8580201969 
035 |a 6759 
040 |a vLex 
090 |c 3592  |d 3592 
100 1 0 |a Artero, Davi Alessandro Donha 
245 1 0 |a Direito Municipal em Movimento  |b Pareceres e opinie̳s pontuais  |h [Recurso electrn̤ico] 
256 |a Servicio en ln̕ea 
260 |a Sô Paulo :  |b Editora NELPA,   |c 2012  
300 |a 1 Recurso electrn̤ico 
650 0 4 |a Derecho administrativo  |z Brasil 
650 0 4 |a Administracin̤ local  |z Brasil 
740 |a vLex Libros (Servicio en ln̕ea) 
856 |a Acceso restringido  |u http://www.vlex.com/source/6759 
942 |c BOOK 
999 0 |a Administrative law